书目信息 |
| 题名: |
如何成为金牌自由翻译
|
|
| 作者: | 法磊 著 | |
| 分册: | ||
| 出版信息: | 武汉 武汉大学出版社 2009.11 |
|
| 页数: | 198页 | |
| 开本: | 24cm | |
| 丛书名: | 十佳金领职业指导系列 | |
| 单 册: | ||
| 中图分类: | H059 | |
| 科图分类: | ||
| 主题词: | 翻译--fan yi--工作--基本知识 | |
| 电子资源: | ||
| ISBN: | 978-7-307-07307-4 | |
| 000 | 01158nam 2200289 450 | |
| 001 | 012010145342 | |
| 005 | 20100408084434.43 | |
| 010 | @a978-7-307-07307-4@dCNY29.80 | |
| 100 | @a20100408d2009 em y0chiy0120 ea | |
| 101 | 0 | @achi |
| 102 | @aCN@b420000 | |
| 105 | @ay a 000yy | |
| 106 | @ar | |
| 200 | 1 | @a如何成为金牌自由翻译@Aru he cheng wei jin pai zi you fan yi@f法磊著@Ffa lei zhu |
| 210 | @a武汉@c武汉大学出版社@d2009.11 | |
| 215 | @a198页@d24cm | |
| 225 | 2 | @a十佳金领职业指导系列@Ashi jia jin ling zhi ye zhi dao xi lie |
| 312 | @a英文并列题名取自封面 | |
| 320 | @a有书目 (第197-198页) | |
| 330 | @a本书是从实用角度和从业者的角度, 对自由翻译作了全面而又细致的介绍, 比如什么是自由翻译, 自由翻译的成长心得和炼金术, 所遇到的一些常见问题以及解决方法。 需要特别说明的是, 本书的翻译技巧和心得, 虽然主要针对英语翻译, 但是这些“秘笈 ” 实际上对其他语种的翻译也是适用的。 | |
| 410 | 0 | @12001 @a十佳金领职业指导系列 |
| 510 | 1 | @aGold medal freelancer translator@zeng |
| 606 | 0 | @a翻译@Afan yi@x工作@x基本知识 |
| 690 | @aH059@v4 | |
| 701 | 0 | @a法磊@Afa lei@4著 |
| 801 | 0 | @aCN@bQSSK@c20100408 |
| 905 | @b775801-03@dH059@eF027@f3 | |
| 如何成为金牌自由翻译/法磊著.-武汉:武汉大学出版社,2009.11 |
| 198页;24cm .-(十佳金领职业指导系列) |
| ISBN 978-7-307-07307-4:CNY29.80 |
| 本书是从实用角度和从业者的角度, 对自由翻译作了全面而又细致的介绍, 比如什么是自由翻译, 自由翻译的成长心得和炼金术, 所遇到的一些常见问题以及解决方法。 需要特别说明的是, 本书的翻译技巧和心得, 虽然主要针对英语翻译, 但是这些“秘笈 ” 实际上对其他语种的翻译也是适用的。 |
| ● |
| 相关链接 |
|
|
|
正题名:如何成为金牌自由翻译
索取号:H059/F027
 
预约/预借
| 序号 | 登录号 | 条形码 | 馆藏地/架位号 | 状态 | 备注 |
| 1 | 775801 | 207758014 | 语言库209/209语言库 67排2列5层/ [索取号:H059/F027] | 在馆 | |
| 2 | 775802 | 207758023 | 语言库209/209语言库 67排2列5层/ [索取号:H059/F027] | 在馆 | |
| 3 | 775803 | 207758032 | 语言库209/209语言库 67排2列5层/ [索取号:H059/F027] | 在馆 |